000 00453nam a2200145Ia 4500
008 230917s9999||||xx |||||||||||||| ||und||
040 _e170580
_aMAIN
041 _aEnglish
082 _a301.426 I8N
100 _aInternational Institute for population science, Bombay
245 0 _aNational family health survey (MCH and family planning)
260 _aChandigarh
_bPopulation Research Centre Punjab University
_c1993
300 _a296 p.
942 _cBK
999 _c80053
_d80053